000 00488nam a2200181Ia 4500
005 20250818155235.0
008 008 250516s9999 xx 000 0 eng d
020 _a9789386223180
040 _beng
_cSDCL
041 _aeng
_2eng
084 _aQ11:g(V) R4
100 _aMani, B.R Ed.
245 0 _aIndus-Sarasvati(Harappan) Civilization vis-a vis Rigveda
260 _aDelhi:
_bB.R.Pub.Corporation,
_c2024.
300 _axxvi,348p.
650 _aSanskrit
942 _cTEXL
_2CC
999 _c1429234
_d1429234